000 00830nam a2200217 a 4500
003 0
005 20250203093213.0
008 130729s19uu xx 00 eng d
050 _aPHS LB 3602
_b.Al385 2013
100 _aAlfaro, France Donise Decker
245 _aThe relationship of eating habits on a student's academic attitudes /
_cFrance Donise Decker Alfaro.
260 _aLas PiƱas City, Philippines :
_bSouthville International School and Colleges,
_c2013.
300 _a34 p. :
_bill. ;
_c28 cm.
504 _aIncludes bibliographical references.
650 _aEating habits
_vPsychological aspects.
650 _aStudents
_vNutrition.
650 _aAcademic achievement
_vPsychological aspects.
650 _aNutrition
_vEffect on cognitive function.
650 _aHealth behavior in adolescence.
942 _2lcc
_cPASS
999 _c98911
_d98911